| 000 | 00668aam a2200265 4500 | ||
|---|---|---|---|
| 005 | 20240620153859.0 | ||
| 008 | 150630b xxu||||| |||| 00| 0 spa d | ||
| 020 | _a9789968317719 | ||
| 041 | _aESP | ||
| 082 | _a580 V297b | ||
| 100 |
_aVargas Rojas, Gustavo _910960 |
||
| 245 | _aBotánica general: desde los musgos hasta los árboles | ||
| 260 | _aCosta Rica | ||
| 260 | _bEUNED | ||
| 260 | _c2011 | ||
| 300 | _a492 páginas | ||
| 505 | _aIncluye ilustraciones | ||
| 650 | _aBOTÁNICA | ||
| 650 | _aPLANTAS | ||
| 650 | _aREINO PLANTAE | ||
| 650 | _aANATOMÍA VEGETAL | ||
| 650 | _aCÉLULA VEGETAL | ||
| 650 | _aFOTORESPIRACIÓN | ||
| 942 |
_cBK _2ddc |
||
| 999 |
_c3194 _d3194 |
||